[Event "5th DA Tan Malaysian Open"]
[Site "Kuala Lumpur MAS"]
[Date "2008.08.22"]
[Round "8"]
[White "Iuldachev,S"]
[Black "Bitoon,R"]
[Result "1/2-1/2"]
[WhiteElo "2520"]
[BlackElo "2439"]

1.e4 c5 2.Nc3 e6 3.Nf3 a6 4.d4 cxd4 5.Nxd4 d6 6.Be2 Nf6 7.f4 b5 8.Bf3 b4
9.e5 Ra7 10.Ncb5 axb5 11.exf6 Qxf6 12.Qd3 d5 13.Be3 Rb7 14.O-O Bc5 15.Kh1 Nd7
16.f5 e5 17.Ne6 fxe6 18.fxe6 Qxe6 19.Bxd5 Qb6 20.Bxb7 Bxb7 21.Bxc5 Qxc5 22.Rad1 Bc6
23.h3 h5 24.Qg6+ Kd8 25.Qxg7 Re8 26.Rf7 Qa7 27.Qf6+ Kc7 28.Qd6+ Kb6 29.Qxb4 Rg8
30.Rd6 Qxa2 31.Qe4 Qc4 32.Qxc4 bxc4 33.Rfxd7 Rxg2 34.Rxc6+ Kxc6 35.Kxg2 Kxd7
36.Kf3 Ke6 37.h4 Kf5 38.b3 cxb3 39.cxb3 e4+ 40.Kf2 Ke5 41.Ke2 Kd4 42.Kd2 Kc5
43.Ke3 Kd5 44.b4 Kc4 45.Kxe4 Kxb4  1/2-1/2

[Event "U16 Olympiad"]
[Site "Mersin TUR"]
[Date "2008.08.22"]
[Round "7"]
[White "Straka,Jo"]
[Black "Talishzada,O"]
[Result "0-1"]
[WhiteElo "2122"]
[BlackElo "2106"]

1.e4 c5 2.Nf3 e6 3.d4 cxd4 4.Nxd4 a6 5.Nc3 Qc7 6.Bd3 Nf6 7.O-O Be7 8.Kh1 O-O
9.f4 d6 10.Qf3 b5 11.a3 Bb7 12.Bd2 Nc6 13.Nxc6 Bxc6 14.Rae1 Nd7 15.Qh5 g6
16.Qh3 Bf6 17.Re2 Rae8 18.Ref2 Bd4 19.Be3 Bxe3 20.Qxe3 f5 21.Re2 Nf6 22.h3 fxe4
23.Nxe4 Nxe4 24.Bxe4 d5 25.Bd3 e5 26.c3 exf4 27.Qd4 Rxe2 28.Bxe2 Qd6 29.Bf3 Re8
30.Rd1 Re3 31.Qb6 Qe6 32.Qb8+ Kg7 33.Qxf4 Qe5 34.Qh4 g5 35.Qf2 Qf4 36.Re1 d4
37.cxd4 Rxe1+ 38.Qxe1 Bxf3 39.Qe7+ Kg6 40.Qe6+ Kh5 41.gxf3 Qxf3+ 42.Kh2 Qf2+
43.Kh1 Qf3+ 44.Kh2 Qf2+ 45.Kh1 Qxd4 46.Qxa6 Qxb2 47.Qa7 Qc1+ 48.Kg2 Qc2+
49.Kg3 Qd3+ 50.Kg2 Kg6 51.Qa6+ Kf5 52.Qc8+ Ke5 53.Qe8+ Kd4 54.Qd8+ Kc3 55.Qa5+ Kc2
56.Qc7+ Kb2 57.Qa7 Kb3 58.Qa6 h5 59.Qe6+ Kxa3 60.Qe7+ b4 61.Qxg5 b3 62.Qa5+ Kb2
63.Qxh5 Kc1 64.Qe8 b2 65.Qe1+ Kc2  0-1

[Event "U16 Olympiad"]
[Site "Mersin TUR"]
[Date "2008.08.23"]
[Round "8"]
[White "Tamazyan,H"]
[Black "Talishzada,O"]
[Result "0-1"]
[WhiteElo "2139"]
[BlackElo "2106"]

1.e4 c5 2.Nf3 e6 3.d4 cxd4 4.Nxd4 a6 5.Nc3 Qc7 6.Be2 Nf6 7.O-O Be7 8.Kh1 b5
9.Bf3 Nc6 10.e5 Ng8 11.a4 b4 12.Nxc6 dxc6 13.Ne4 a5 14.c4 bxc3 15.Nxc3 Rb8
16.Qc2 Bd7 17.Be3 Qxe5 18.Rad1 Nf6 19.Bd4 Qf4 20.Qe2 Rxb2 21.Qxb2 Bd6 22.g3 Qxf3+
23.Kg1 c5 24.Nb5 Bc6 25.Nxd6+ Kd7 26.Ne4 Bxe4 27.Qb5+ Bc6 28.Be5+ Ke7 29.Bd6+ Kd7
30.Be5+ Ke7 31.Bd6+ Kd7 32.Bf4+ Ke7 33.Qxc5+ Ke8 34.Rd8+ Kxd8 35.Qb6+ Ke7
36.Qc7+ Nd7 37.Bd6+ Kf6  0-1

[Event "23rd Open"]
[Site "Schwarzach AUT"]
[Date "2008.08.23"]
[Round "8"]
[White "Bejtovic,J"]
[Black "Braun,P"]
[Result "1-0"]
[WhiteElo "2335"]
[BlackElo "2232"]

1.e4 c5 2.Nf3 e6 3.d4 cxd4 4.Nxd4 a6 5.Nc3 b5 6.Bd3 Qb6 7.Nf3 Nc6 8.O-O Qb8
9.Re1 Bd6 10.a4 b4 11.Nb1 Nge7 12.Nbd2 Ng6 13.Nc4 Bc7 14.a5 Nge5 15.Nfxe5 Nxe5
16.h3 O-O 17.Be3 Nxc4 18.Bxc4 Rd8 19.Ra4 d5 20.exd5 exd5 21.Bd3 Bd7 22.Bd4 Re8
23.Rxe8+ Qxe8 24.Rxb4 Bxa5 25.Rb7 Qe6 26.Qf3 Qd6 27.Qh5 h6 28.Bh7+ Kf8 29.Bc5 Qxc5
30.Rxd7 g6 31.Qe5  1-0

[Event "23rd Open"]
[Site "Schwarzach AUT"]
[Date "2008.08.23"]
[Round "8"]
[White "Fiderer,L"]
[Black "Stephan,Ax"]
[Result "1-0"]
[WhiteElo "2099"]
[BlackElo "2268"]

1.e4 c5 2.Nf3 e6 3.Nc3 a6 4.d4 cxd4 5.Nxd4 Qc7 6.Be2 b5 7.O-O Bb7 8.Re1 b4
9.Nd5 exd5 10.exd5 Kd8 11.Bf3 h6 12.Be3 Nf6 13.c4 bxc3 14.Qb3 d6 15.Nc6+ Nxc6
16.dxc6 Nd7 17.cxd7  1-0

[Event "Liga Nacional Ajedrez"]
[Site "Villa Martelli ARG"]
[Date "2008.08.23"]
[Round "3"]
[White "Juarez,CE"]
[Black "Mareco,S"]
[Result "0-1"]
[WhiteElo "2142"]
[BlackElo "2477"]

1.e4 c5 2.Nf3 e6 3.d4 cxd4 4.Nxd4 a6 5.Nc3 Qc7 6.Bd3 Bc5 7.Nb3 Be7 8.Qe2 d6
9.O-O Nf6 10.Bd2 Nc6 11.f4 O-O 12.Rae1 Nd7 13.Rf3 g6 14.Rh3 Bf6 15.g4 Re8
16.Qf2 Nb4 17.g5 Bg7 18.f5 exf5 19.exf5 Rxe1+ 20.Qxe1 Nf8 21.Rh4 Nxd3 22.cxd3 Bxf5
23.Nd5 Qc2 24.Ne7+ Kh8 25.Nxf5 gxf5 26.Bc3 Ng6 27.Bxg7+ Kxg7 28.Rd4 Ne5 29.Qf2 Qd1+
30.Kg2 Rc8 31.Qxf5 Rc2+ 32.Kh3 Ng6 33.Qf6+ Kg8 34.Qd8+ Nf8 35.Qxd6 Qf1+ 36.Kg4 Rg2+
37.Kh4 Ng6+  0-1

[Event "Liga Nacional Ajedrez"]
[Site "Villa Martelli ARG"]
[Date "2008.08.23"]
[Round "3"]
[White "Converset,J"]
[Black "De Dovitiis,A"]
[Result "0-1"]
[WhiteElo "2243"]
[BlackElo "2347"]

1.e4 c5 2.Nf3 e6 3.Nc3 a6 4.d4 cxd4 5.Nxd4 Qc7 6.g3 Nf6 7.Bg2 Nc6 8.O-O Nxd4
9.Qxd4 Bc5 10.Bf4 d6 11.Qd2 h6 12.Rad1 e5 13.Be3 Ke7 14.f4 Be6 15.Kh1 Rhd8
16.h3 Rac8 17.f5 Bd7 18.g4 Bxe3 19.Qxe3 Qc5 20.Qg3 Bc6 21.g5 hxg5 22.Qxg5 Rh8
23.Rd5 Qb4 24.Rfd1 Rh5 25.Qg3 Bxd5 26.Nxd5+ Nxd5 27.Rxd5 Qxb2 28.Qxg7 Qc1+
29.Kh2 Qf4+ 30.Kg1 Qg5  0-1

[Event "U16 Olympiad"]
[Site "Mersin TUR"]
[Date "2008.08.24"]
[Round "10"]
[White "Baghdasaryan,V"]
[Black "Mazur,S"]
[Result "1-0"]
[WhiteElo "2193"]
[BlackElo "2237"]

1.e4 c5 2.Nf3 e6 3.d4 cxd4 4.Nxd4 a6 5.Nc3 Qc7 6.Bd3 Nf6 7.O-O Bc5 8.Be3 d6
9.Na4 Ba7 10.c4 Nc6 11.c5 dxc5 12.Nxc6 Qxc6 13.Rc1 b6 14.b4 Bb7 15.bxc5 b5
16.Nb6 Rd8 17.f3 Nd7 18.Nxd7 Qxd7 19.Rc3 b4 20.Rb3 Bc6 21.Qe2 a5 22.Ba6 O-O
23.Rc1 Qc7 24.g3 f5 25.Bc4 Kh8 26.Bxe6 fxe4 27.f4 Qe7 28.f5 Qb7 29.a3 Rd3
30.axb4 Rxb3 31.Bxb3 Qxb4 32.Qc4 Qxc4 33.Bxc4 Rxf5 34.Rd1 h6 35.Rd8+ Kh7
36.Rc8 Ba4 37.Bd4 Rg5 38.Kg2 e3 39.Bd3+ Rg6 40.Rc7  1-0

[Event "U16 Olympiad"]
[Site "Mersin TUR"]
[Date "2008.08.24"]
[Round "10"]
[White "Firat,B"]
[Black "Janiashvili,I"]
[Result "1-0"]
[WhiteElo "2219"]
[BlackElo "2192"]

1.e4 c5 2.Nf3 e6 3.d4 cxd4 4.Nxd4 a6 5.Nc3 Qc7 6.Bd3 Nc6 7.Nb3 Nf6 8.f4 d6
9.Qe2 Be7 10.Bd2 O-O 11.O-O b5 12.Rae1 Nd7 13.Kh1 Nc5 14.Qh5 Nxd3 15.cxd3 Bf6
16.Rc1 Qb6 17.e5 Be7 18.Ne4 Rd8 19.exd6 Rxd6 20.Nxd6 Bxd6 21.Bc3 Ne7 22.Qg5 Nf5
23.Ba5 h6 24.Qxf5 Qxa5 25.Qe4  1-0

[Event "UAE President's Cup"]
[Site "Al Ain UAE"]
[Date "2008.08.25"]
[Round "3"]
[White "Khalifa,K UAE"]
[Black "Al Kaabi,A"]
[Result "1-0"]
[WhiteElo "2010"]
[BlackElo "1790"]

1.e4 c5 2.Nf3 e6 3.d4 cxd4 4.Nxd4 a6 5.Nc3 Qc7 6.Be3 Bb4 7.Bd2 Nf6 8.Bd3 Nc6
9.Nxc6 dxc6 10.O-O e5 11.h3 O-O 12.a3 Be7 13.Kh1 Rd8 14.f4 exf4 15.Bxf4 Bd6
16.Bxd6 Qxd6 17.e5 Qxe5 18.Bxh7+ Kxh7 19.Qxd8 Bxh3 20.Qd3+ g6 21.Qxh3+ Kg7
22.Qf3 Rh8+ 23.Kg1 Qh2+ 24.Kf2 Qh4+ 25.Ke2 Re8+ 26.Kd1 Ng8  1-0

[Event "XLII Open"]
[Site "Mislata ESP"]
[Date "2008.08.25"]
[Round "1"]
[White "Herrero Carrion,A"]
[Black "Ortega Hermida,D"]
[Result "0-1"]
[WhiteElo "1850"]
[BlackElo "2414"]

1.e4 c5 2.Nf3 e6 3.d4 cxd4 4.Nxd4 a6 5.Nc3 b5 6.Be3 Bb7 7.f3 Qc7 8.Qd2 Bb4
9.Nde2 Nf6 10.a3 Be7 11.g4 h6 12.h4 d5 13.e5 Nfd7 14.Bg2 Nxe5 15.Qd4 Nbc6
16.Qb6 Qxb6 17.Bxb6 Nc4 18.Bf2 Nxb2 19.Nd4 Nc4 20.O-O Bxa3 21.Nxc6 Bxc6  0-1

[Event "XXV Open"]
[Site "Collado Villalba ESP"]
[Date "2008.08.26"]
[Round "5"]
[White "Castejon Caballero,A"]
[Black "Serrano Salvador,E"]
[Result "1/2-1/2"]
[WhiteElo "1993"]
[BlackElo "2341"]

1.e4 c5 2.Nf3 e6 3.d4 cxd4 4.Nxd4 a6 5.Nc3 Nc6 6.Nxc6 bxc6 7.Bd3 Nf6 8.O-O d5
9.Re1 Be7 10.e5 Nd7 11.Qg4 g6 12.Bh6 Rb8 13.Qh3 Rb4 14.f4 Nc5 15.Bg7 Nxd3
16.cxd3 Rg8 17.Qxh7 Rxg7 18.Qxg7 Rxb2 19.Qh8+ Bf8 20.Rab1 Qb6+ 21.Kh1 Qf2
22.Rg1 Rxb1 23.Rxb1 Qc2 24.h3 Qxc3 25.Rb8 Qc1+ 26.Kh2  1/2-1/2

[Event "44th Rubinstein Mem Open A"]
[Site "Polanica Zdroj POL"]
[Date "2008.08.26"]
[Round "8"]
[White "Toma,K"]
[Black "Mickiewicz,P"]
[Result "1-0"]
[WhiteElo "2212"]
[BlackElo "2347"]

1.e4 c5 2.Nc3 a6 3.Nf3 e6 4.d4 cxd4 5.Nxd4 d6 6.Be3 b5 7.a3 Nf6 8.g4 Bb7
9.Bg2 d5 10.e5 Ne4 11.O-O Qc7 12.f4 Nxc3 13.bxc3 Nd7 14.f5 Qxc3 15.Qe2 Bc5
16.fxe6 fxe6 17.Rad1 Bxd4 18.Bxd4 Qxa3 19.g5 Qe7 20.Qg4 O-O-O 21.Bc3 Nc5
22.Bb4 Qc7 23.Qd4 Nd7 24.Bd6 Qb6 25.Rf7 Qxd4+ 26.Rxd4 g6 27.Bh3 Rde8 28.Rh4 Bc6
29.Rhxh7 Rxh7 30.Rxh7 Kb7 31.Rg7 Kb6 32.Rxg6 Nc5 33.Rg7 b4 34.Bf1 Bb5 35.Bxb5 Kxb5
36.g6 a5 37.Ra7 Rg8 38.g7 d4 39.Kf2 d3 40.cxd3 b3 41.Bxc5 Kxc5 42.Rxa5+ Kb4
43.Ra7 Kc3 44.Ke3 Rb8 45.Rb7 Rd8 46.h4 Rxd3+ 47.Kf4 Rd5 48.Kg5 Rd1 49.Kf6 Rg1
50.h5 b2 51.h6  1-0

[Event "8th Open"]
[Site "Velika Gorica CRO"]
[Date "2008.08.26"]
[Round "5"]
[White "Ognjacevic,A"]
[Black "Djurovic,G"]
[Result "1/2-1/2"]
[WhiteElo "2083"]
[BlackElo "2197"]

1.e4 c5 2.Nf3 e6 3.Nc3 a6 4.d4 cxd4 5.Nxd4 d6 6.Be2 Nf6 7.O-O Be7 8.f4 Nc6
9.Kh1 O-O 10.Be3 Bd7 11.Bf3 Qc7 12.Qe1 Nxd4 13.Bxd4 e5 14.fxe5 dxe5 15.Qg3 Bd6
16.Be3 Bc6 17.Rad1 Rfe8 18.Bg5 Nd7 19.Bg4 Nc5 20.Bf6 Bf8 21.Bf5 g6 22.b4 Na4
23.Nd5 Bxd5 24.Rxd5 Bg7 25.Bxg7 Kxg7 26.Rd7 Qc4 27.Rf3 Qxa2 28.h4 Rad8 29.Kh2 Rxd7
30.Bxd7 Re7 31.Qg5 Rxd7  1/2-1/2

[Event "X Sants Open"]
[Site "Barcelona ESP"]
[Date "2008.08.27"]
[Round "6"]
[White "Fier,A"]
[Black "Popilski,G"]
[Result "1/2-1/2"]
[WhiteElo "2558"]
[BlackElo "2372"]

1.e4 c5 2.Nf3 e6 3.d4 cxd4 4.Nxd4 a6 5.Nc3 Qc7 6.Be2 Nf6 7.O-O d6 8.Be3 Be7
9.f4 Nc6 10.a4 O-O 11.Kh1 Re8 12.Bf3 Bd7 13.Nb3 b6 14.g4 Bc8 15.g5 Nd7 16.Bg2 Rb8
17.Qh5 g6 18.Qh4 Nb4 19.Rac1 Bb7 20.Rf3 Rbc8 21.Rh3 h5 22.Qf2 Bf8 23.Rf1 Bg7
24.Bd2 Nc5 25.Nxc5 bxc5 26.Be1 Bc6 27.b3 Qb7 28.Qe2 Qc7 29.Nd1 Bb7 30.Bc3 Bxc3
31.Nxc3 Nc6 32.Qd1 Ne7 33.Rd3 c4 34.Rh3 cxb3 35.cxb3 d5 36.exd5 Bxd5 37.Nxd5 exd5
38.Rd3 Nf5 39.Bh3  1/2-1/2

[Event "XIII Konik Morski Open A"]
[Site "Rewal POL"]
[Date "2008.08.27"]
[Round "7"]
[White "Butkiewicz,L"]
[Black "Janczarski,M"]
[Result "1-0"]
[WhiteElo "2284"]
[BlackElo "2238"]

1.e4 c5 2.Nf3 e6 3.d4 cxd4 4.Nxd4 a6 5.Nc3 Qc7 6.Be2 Nf6 7.a3 Nc6 8.Be3 b5
9.f4 d6 10.e5 Nxd4 11.Bxd4 Nd7 12.Bf3 Rb8 13.exd6 Bxd6 14.Bxg7 Rg8 15.Bd4 Bxf4
16.Qe2 Ne5 17.Ne4 Nxf3+ 18.gxf3 Rg6 19.Nf6+ Kf8 20.Rd1 Rh6 21.b4 Bg3+ 22.Kf1 Bd6
23.Rg1 Bb7 24.Nd7+ Ke7 25.Nxb8 Rxh2 26.Bf2 Qxb8 27.Rxd6 Rxf2+ 28.Kxf2 Qxd6
29.Qe3 Qh2+ 30.Rg2 Qh4+ 31.Kg1 Bd5 32.Rg4 Qh5 33.Qf4 h6 34.Kf2 Bc4 35.Qc7+ Kf6
36.Qd8+ Kf5 37.Qh4 Qxh4+ 38.Rxh4 Kg5 39.Rg4+ Kf5 40.Kg3 Ke5 41.c3 Kd5 42.Rd4+ Kc6
43.Rh4 Bd3 44.Kf2 Bg6 45.Rxh6 Kd5 46.Rh4 e5 47.Ke2 e4 48.fxe4+ Bxe4 49.Rh8  1-0

[Event "2nd Open"]
[Site "Urumia IRI"]
[Date "2008.08.27"]
[Round "3"]
[White "Pilvaieh,A"]
[Black "Ibrahimov,R"]
[Result "0-1"]
[WhiteElo "2171"]
[BlackElo "2537"]

1.e4 c5 2.Nf3 e6 3.d4 cxd4 4.Nxd4 a6 5.Nc3 Qc7 6.Be3 Bb4 7.Qd2 Nf6 8.f3 d5
9.Bd3 e5 10.exd5 exd4 11.Bxd4 Nxd5 12.O-O Qf4 13.Qe2+ Be6 14.Bxg7 Bxc3 15.bxc3 Rg8
16.Be5 Qe3+ 17.Qxe3 Nxe3 18.Rf2 Nc6 19.Bxh7 Rxg2+ 20.Rxg2 Nxg2 21.Bf6 Nf4
22.h4 Nd5 23.Bg7 Ke7 24.Rb1 b5 25.c4 Nf6 26.Bxf6+ Kxf6 27.Be4 Rg8+ 28.Kf2 Na7
29.cxb5 Nxb5 30.Bd3 Rc8 31.a4 Nc3 32.Rb4 a5 33.Rb6 Nxa4 34.Ra6 Rc5  0-1

[Event "XLII Open"]
[Site "Mislata ESP"]
[Date "2008.08.28"]
[Round "5"]
[White "Pardo Simon,D"]
[Black "Ortega Hermida,D"]
[Result "1/2-1/2"]
[WhiteElo "2204"]
[BlackElo "2414"]

1.e4 c5 2.Nf3 e6 3.Nc3 a6 4.d4 cxd4 5.Nxd4 Qc7 6.Bd3 Nf6 7.Qe2 Bb4 8.Bd2 Nc6
9.Nb3 O-O 10.O-O d5 11.f4 Bxc3 12.Bxc3 Nxe4 13.Bxe4 dxe4 14.Qxe4 b5 15.Nd4 Bb7
16.Nxc6 Qxc6  1/2-1/2

[Event "8th Open"]
[Site "Velika Gorica CRO"]
[Date "2008.08.28"]
[Round "7"]
[White "Cupic,L"]
[Black "Kalajzic,I"]
[Result "0-1"]
[WhiteElo "1958"]
[BlackElo "2228"]

1.e4 e6 2.d4 c5 3.Nf3 cxd4 4.Nxd4 a6 5.Nc3 Qc7 6.Bd3 Nc6 7.Be3 Nf6 8.O-O Bd6
9.g3 h5 10.Be2 Nxd4 11.Bxd4 h4 12.Bf3 hxg3 13.hxg3 Bxg3 14.Qe2 Be5 15.Bxe5 Qxe5
16.Rfd1 b5 17.Bg2 Bb7 18.Qe3 Rc8 19.Qb6 Ng4 20.Rd2 Bc6 21.Rad1 Qh2+ 22.Kf1 Qf4
23.Ne2 Nh2+ 24.Ke1 Nf3+ 25.Bxf3 Qxf3 26.Rd3 Qxe4 27.Qxa6 Ra8 28.Qb6 Qb4+
29.Rc3 Rh1+ 30.Kd2 Qd6+ 31.Rd3 Rxd1+ 32.Kxd1 Qe5 33.Nc3 Qf4 34.Re3 b4 35.Ne2 Qc4
36.Rh3 Ke7 37.b3 Qd5+ 38.Ke1 Rxa2 39.Qxb4+ d6 40.Rd3 Ra1+ 41.Kd2 Qg5+ 42.f4 Qa5
43.Qxa5 Rxa5 44.Nd4 Bd7 45.b4 Rh5 46.Rb3 e5 47.Ne2 Bb5 48.Ng3 Rh2+ 49.Ke3 g6
50.Rc3 Ke6 51.fxe5 Kxe5 52.Rc7 f5 53.Kf3 f4 54.Ne4 Be2+  0-1

[Event "XIII Konik Morski Open A"]
[Site "Rewal POL"]
[Date "2008.08.29"]
[Round "9"]
[White "Siwiec,A"]
[Black "Ni,V"]
[Result "0-1"]
[WhiteElo "2096"]
[BlackElo "2129"]

1.e4 c5 2.Nf3 e6 3.Nc3 a6 4.d4 cxd4 5.Nxd4 Qc7 6.Bd3 Nf6 7.O-O Nc6 8.Be3 Bd6
9.Kh1 h5 10.Nxc6 dxc6 11.f4 e5 12.f5 Bd7 13.a4 c5 14.Bg5 Bc6 15.Bxf6 gxf6
16.Bc4 Bf8 17.Rf3 Rd8 18.Bd5 Qb6 19.b3 c4 20.Rh3 cxb3 21.cxb3 h4 22.Qg4 Qf2
23.Rd1 Rc8 24.Rhd3 Be7 25.Qg7 Rf8 26.Qg4 Rh8 27.Qg7 Rf8 28.Rh3 Bxd5 29.Nxd5 Qe2
30.Rg1 Qxe4 31.Nxf6+ Bxf6 32.Qxf6 Rg8 33.Rxh4 Rxg2  0-1

[Event "Open A"]
[Site "Graz SUI"]
[Date "2008.08.30"]
[Round "1"]
[White "Saxer,Be"]
[Black "Poetz,F"]
[Result "0-1"]
[WhiteElo "2008"]
[BlackElo "2191"]

1.e4 c5 2.Nf3 e6 3.d4 cxd4 4.Nxd4 a6 5.Nc3 Qc7 6.Be3 Bb4 7.Qd2 Nf6 8.f3 d5
9.Bd3 e5 10.O-O exd4 11.Bxd4 Bc5 12.Bxc5 Qxc5+ 13.Kh1 dxe4 14.fxe4 Be6 15.Rae1 Nbd7
16.b4 Qxb4 17.Rb1 Qa5 18.Rxb7 O-O 19.Qe1 Rfc8 20.Nd5 Qxe1 21.Rxe1 Bxd5 22.exd5 Nc5  0-1

[Event "Liga Nacional Ajedrez"]
[Site "Villa Martelli ARG"]
[Date "2008.08.30"]
[Round "4"]
[White "Perez Ponsa,F"]
[Black "Flores,Di"]
[Result "1/2-1/2"]
[WhiteElo "2326"]
[BlackElo "2553"]

1.e4 c5 2.Nf3 e6 3.d4 cxd4 4.Nxd4 a6 5.Nc3 Qc7 6.Be2 Bc5 7.O-O Nf6 8.Kh1 b5
9.Be3 O-O 10.Bf3 Ra7 11.b4 Bb6 12.Ncxb5 axb5 13.Nxb5 Qb7 14.e5 Nd5 15.Bxd5 exd5
16.Nxa7 Qxa7 17.Bxb6 Qxb6 18.Qxd5 Ba6 19.Rfd1 h6 20.Qd4 Qe6 21.Qd6 Nc6 22.Qxe6 fxe6
23.Rab1 Nxe5 24.Kg1 Bb5 25.Rd6 Nc4 26.Rd4 Ra8 27.Ra1 Na3 28.Rc1 d5 29.f4 Bc4
30.Rd2 Nb5 31.c3 Ra3 32.Rdc2 Kf7 33.Kf2 g5 34.fxg5 hxg5 35.h3 e5 36.g3 Ke6
37.h4 g4 38.h5 Bd3 39.Rd2 Be4 40.c4 Nd4 41.cxd5+ Kxd5 42.Rc5+ Ke6 43.h6 Rf3+
44.Ke1 Rxg3 45.Rh2 Rf3 46.Kd2 Rh3 47.Rxh3 gxh3 48.Ke3 h2 49.Rc1 Kd5 50.Rc5+ Kd6
51.Rc1 Bg6 52.Rh1 Nf5+ 53.Kf2 Nxh6 54.Kg3 Bd3 55.Kxh2 Nf5 56.a4 e4 57.Rc1 Nd4
58.Kg2 Nc2 59.b5 Kc5 60.Kg3 Kb6 61.Kf4 Ka5 62.Rb1 Nd4 63.Re1 Ne6+ 64.Ke5 Nc5
65.Kd4 Kb6 66.a5+ Kxb5 67.a6 Nxa6 68.Rxe4 Nc7  1/2-1/2

[Event "7th Open"]
[Site "Izmir TUR"]
[Date "2008.08.31"]
[Round "2"]
[White "Komut,K"]
[Black "Morchiashvili,B"]
[Result "1-0"]
[WhiteElo "1813"]
[BlackElo "2427"]

1.e4 c5 2.Nf3 e6 3.d4 cxd4 4.Nxd4 a6 5.Nc3 b5 6.Bd3 Bb7 7.O-O Bc5 8.Nb3 Be7
9.Kh1 d6 10.f4 Nc6 11.a3 Nf6 12.Be3 O-O 13.Nd4 Qc7 14.Qe2 Na5 15.Bg1 Rac8
16.Rf3 Nc4 17.Ncxb5 axb5 18.Nxb5 Qd7 19.Bxc4 Nxe4 20.Rh3 e5 21.Rb3 Rxc4 22.Qxc4 Qg4
23.Qf1 Bh4 24.Rd1 exf4 25.Nxd6 Ng3+ 26.Rxg3 fxg3 27.Nxb7 gxh2 28.Bxh2 Qh5
29.Qf3 Qg6 30.Bd6 Re8 31.Rf1 Bf6 32.c3 Re4 33.Bf4 h6 34.Nd6 Re6 35.a4 Qc2
36.a5 Qxb2 37.a6 Qa2 38.Qa8+ Kh7 39.a7 Qa6 40.c4 Bd4 41.Nb5 Bc5 42.Qb8 Bxa7
43.Qxa7 Qc6 44.Nd4 Qxc4 45.Rc1 Ra6 46.Rxc4 Rxa7 47.Nf3 g5 48.Be3 Ra1+ 49.Kh2 Ra3
50.Bc1 Ra7 51.Ne5 Rb7 52.Rc6 Kg7 53.Ng4 h5 54.Nf6 Kg6 55.Ne4+ Kf5 56.Nd6+  1-0

[Event "Okie Masters"]
[Site "Tulsa USA"]
[Date "2008.08.31"]
[Round "5"]
[White "Smith,Bry"]
[Black "Schoonmaker,N"]
[Result "1-0"]
[WhiteElo "2394"]
[BlackElo "2195"]

1.e4 c5 2.Nc3 a6 3.Nf3 e6 4.d4 cxd4 5.Nxd4 Nc6 6.Nxc6 bxc6 7.Bd3 d5 8.O-O Nf6
9.Re1 d4 10.Na4 e5 11.b3 Bd6 12.Bg5 O-O 13.f4 h6 14.Bh4 g5 15.fxg5 Nh7 16.Rf1 hxg5
17.Bg3 Kg7 18.Bc4 f6 19.Rf2 Ra7 20.Qe2 a5 21.Raf1 Qe8 22.Nb2 Ba3 23.Nd3 a4
24.b4 Re7 25.Qd2 Qd8 26.h4 g4 27.Nxe5 Bxb4 28.Qxb4 fxe5 29.Rxf8 Nxf8 30.Bxe5+ Rxe5
31.Rf7+ Kg6 32.Rxf8 Re8 33.Bf7+  1-0

[Event "TCh-SRB 1st League"]
[Site "Subotica SRB"]
[Date "2008.09.01"]
[Round "1"]
[White "Brenjo,S"]
[Black "Miladinovic,I"]
[Result "1/2-1/2"]
[WhiteElo "2486"]
[BlackElo "2571"]

1.e4 c5 2.Nf3 e6 3.d4 cxd4 4.Nxd4 a6 5.Nc3 b5 6.Bd3 Bb7 7.O-O Qc7 8.Re1 Nf6
9.e5 Nd5 10.Nxd5 Bxd5 11.a4 b4 12.Qg4 Nc6 13.Nxc6 Qxc6 14.h4 h5 15.Qg3 Bc4
16.Be4 Bd5 17.Bd3 Bc4 18.Be4 Bd5 19.Bd3  1/2-1/2

[Event "Okie Challengers"]
[Site "Tulsa USA"]
[Date "2008.09.01"]
[Round "7"]
[White "Brownscombe,T"]
[Black "Coleman,M"]
[Result "1-0"]
[WhiteElo "2192"]
[BlackElo "2212"]

1.e4 c5 2.Nf3 e6 3.d4 cxd4 4.Nxd4 a6 5.Nc3 Qc7 6.a3 Nf6 7.Be3 b5 8.Bd3 Bb7
9.O-O Nc6 10.Kh1 Bd6 11.Nxc6 dxc6 12.f4 e5 13.f5 Be7 14.Qf3 c5 15.Nd5 Bxd5
16.exd5 Rd8 17.c4 O-O 18.cxb5 axb5 19.Bxb5 Nxd5 20.Bf2 Qb8 21.Bc4 Nf6 22.Qe2 e4
23.Bg3 Bd6 24.Bxd6 Rxd6 25.Rad1 Rd4 26.b3 Rfd8 27.a4 Qd6 28.Ra1 Rd2 29.Qe3 Qxh2+
30.Kxh2 Ng4+ 31.Kh3 Nxe3 32.Rf4 Nxc4 33.bxc4 R2d4 34.Rc1 Ra8 35.Re1 Re8 36.Rc1 e3
37.Kg3 Rd3 38.Re1 Ra3 39.Kf3 e2+ 40.Kf2 Ra2 41.a5 f6 42.a6 Kf7 43.a7 Rxa7
44.Rxe2 Rxe2+ 45.Kxe2 Ra2+ 46.Kf3 Rc2 47.g4 Rd2 48.Re4 Rd4 49.Rxd4 cxd4 50.Ke4 Ke7
51.Kxd4 Kd6 52.c5+ Kc6 53.Kc4 g6 54.g5  1-0

[Event "XVI Open"]
[Site "Albacete ESP"]
[Date "2008.09.02"]
[Round "2"]
[White "Garcia Lopez,L"]
[Black "Kovacevic,Sl"]
[Result "1/2-1/2"]
[WhiteElo "2109"]
[BlackElo "2417"]

1.e4 c5 2.Nf3 e6 3.d4 cxd4 4.Nxd4 a6 5.Nc3 Qc7 6.g3 Bb4 7.Ne2 Be7 8.Bg2 Nc6
9.O-O Nf6 10.Nf4 d6 11.Nd3 Rb8 12.Be3 O-O 13.g4 Na5 14.g5 Nd7 15.f4 b5 16.Kh1 Re8
17.f5 Nc4 18.fxe6 fxe6 19.g6 hxg6 20.Qg4 Nde5 21.Nxe5 Nxe5 22.Qg3 Bd7 23.Bf4 Rf8
24.Bxe5 dxe5 25.Qxg6 Rxf1+ 26.Rxf1 Rf8 27.Rxf8+ Kxf8 28.Bf3 Bf6 29.Bh5 Ke7
30.Nd5+ exd5 31.Qf7+ Kd6 32.Qxd5+ Ke7 33.Qf7+ Kd6 34.Qd5+  1/2-1/2

[Event "17th CRO-chT 1a"]
[Site "Sibenik CRO"]
[Date "2008.09.02"]
[Round "6"]
[White "Njirjak,J"]
[Black "Hulak,K"]
[Result "0-1"]
[WhiteElo "2394"]
[BlackElo "2546"]

1.e4 c5 2.Nc3 e6 3.Nf3 a6 4.d4 cxd4 5.Nxd4 b5 6.Be3 Bb7 7.f3 Qc7 8.Qd2 Nf6
9.O-O-O Nc6 10.Kb1 Bb4 11.Nb3 O-O 12.a3 Be7 13.Qf2 d6 14.g4 b4 15.axb4 Nxb4
16.g5 Nd7 17.h4 d5 18.h5 dxe4 19.fxe4 f5 20.Qh2 Rac8 21.Bc4 Qxc4 22.Rxd7 Bxe4
23.Na5 Bxc2+ 24.Qxc2 Nxc2 25.Nxc4 Nxe3 26.Nxe3 Bxg5 27.Nc2 e5 28.Rg1 h6 29.Ne3 e4
30.Nxf5 Rxf5 31.Nxe4 Rcf8 32.Kc2 a5 33.Kb3 Re5 34.Nxg5 hxg5 35.Kc4 Rf4+ 36.Rd4 Kh7  0-1

[Event "XVI Open"]
[Site "Albacete ESP"]
[Date "2008.09.04"]
[Round "6"]
[White "Garcia Lopez,L"]
[Black "Castellanos,R"]
[Result "0-1"]
[WhiteElo "2109"]
[BlackElo "2471"]

1.e4 c5 2.Nf3 e6 3.d4 cxd4 4.Nxd4 a6 5.Nc3 Qc7 6.g3 Bb4 7.Ne2 Be7 8.Bg2 Nf6
9.O-O Nc6 10.Nf4 d6 11.Nd3 O-O 12.g4 b5 13.g5 Nd7 14.f4 b4 15.Ne2 Re8 16.Ng3 Bf8
17.Kh1 a5 18.Be3 Ba6 19.Rf2 Rad8 20.Qf3 Nc5 21.Rd1 Bb7 22.Qg4 g6 23.Rfd2 Na4
24.Bg1 Bg7 25.f5 exf5 26.exf5 Ne5 27.Nxe5 Bxg2+ 28.Kxg2 dxe5 29.Rxd8 Rxd8
30.Rxd8+ Qxd8 31.f6 Bf8 32.Ne4 Qd5 33.Qe2 Nxb2 34.Kg3 Na4 35.Nf2 Nc3 36.Qa6 e4
37.h4 e3 38.Ng4 Bd6+  0-1

[Event "5th LGA Premium Cup"]
[Site "Nuernberg GER"]
[Date "2008.09.04"]
[Round "1"]
[White "Junk,P"]
[Black "Hepting,H"]
[Result "0-1"]
[WhiteElo "1734"]
[BlackElo "2214"]

1.e4 c5 2.Nf3 e6 3.d4 cxd4 4.Nxd4 a6 5.Nc3 Qc7 6.Be2 Nf6 7.f4 d5 8.Bf3 Nbd7
9.O-O Be7 10.Kh1 Rb8 11.Qe2 g6 12.f5 Ne5 13.fxe6 fxe6 14.Bh6 Bf8 15.Bg5 Nf7
16.Bh4 g5 17.Bh5 gxh4 18.Bxf7+ Kxf7 19.Qh5+ Kg7 20.Qg5+  0-1

[Event "17th CRO-chT 1w"]
[Site "Sibenik CRO"]
[Date "2008.09.04"]
[Round "8"]
[White "Krivec,J"]
[Black "Ionica,I"]
[Result "0-1"]
[WhiteElo "2337"]
[BlackElo "2287"]

1.e4 c5 2.Nc3 e6 3.Nf3 a6 4.d4 cxd4 5.Nxd4 d6 6.Be3 Nf6 7.f3 b5 8.Qd2 Nbd7
9.a4 b4 10.Na2 d5 11.Nxb4 dxe4 12.Be2 Bb7 13.O-O Bc5 14.c3 Qc7 15.f4 O-O
16.Kh1 Nb6 17.Nbc2 Nbd5 18.b4 Nxe3 19.Nxe3 Bxd4 20.Qxd4 Rfd8 21.Qc4 Qb6 22.Nc2 Rac8
23.Qb3 Rd2 24.Nd4 Nd5 25.a5 Qd6 26.Rad1 Rxd1 27.Rxd1 Rxc3 28.Nb5 Rxb3 29.Nxd6 Rxb4
30.Nxb7 Rxb7 31.g3 Kf8 32.Ra1 Nc7 33.Rc1 Ke7 34.Rc4 f5 35.Rc6 Kd7 36.Rb6 Rxb6
37.axb6 Nb5 38.Bc4 Kc6 39.Bxe6 Nd4 40.Bg8 h6 41.Kg2 Kxb6 42.Kf2 Kc5 43.Ke3 a5
44.g4 fxg4 45.Kxe4 a4 46.f5 Nb3 47.Kd3 Kb4 48.Be6 a3  0-1

[Event "Open"]
[Site "Herzliya ISR"]
[Date "2008.09.05"]
[Round "4"]
[White "Haimovich,T"]
[Black "Kantsler,B"]
[Result "1/2-1/2"]
[WhiteElo "2425"]
[BlackElo "2487"]

1.e4 c5 2.Nf3 e6 3.Nc3 a6 4.d4 cxd4 5.Nxd4 b5 6.Bd3 Bb7 7.O-O Nc6 8.Nxc6 Bxc6
9.Re1 Bc5 10.e5 Qh4 11.Be3 Bxe3 12.Rxe3 f5 13.g3 Qd4 14.Bf1 Qxd1  1/2-1/2

[Event "5th LGA Premium Cup"]
[Site "Nuernberg GER"]
[Date "2008.09.05"]
[Round "2"]
[White "Fuchs,Ju"]
[Black "Farago,I"]
[Result "0-1"]
[WhiteElo "2197"]
[BlackElo "2482"]

1.e4 c5 2.Nf3 e6 3.d4 cxd4 4.Nxd4 a6 5.Nc3 Qc7 6.Be2 Bb4 7.Bd2 Nf6 8.O-O Bxc3
9.Bxc3 Nxe4 10.Bb4 d6 11.Nb3 Nc6 12.Ba3 b6 13.Qd3 Nc5 14.Qg3 O-O 15.Nxc5 Nd4
16.Bd3 bxc5 17.b3 Bb7 18.Bb2 e5 19.Rae1 f5 20.c3 Nc6 21.f4 e4 22.Bc4+ Kh8
23.Bd5 Na7 24.Bxb7 Qxb7 25.c4 Nc6 26.Re3 Qe7 27.Rd1 Rad8 28.Qh3 Rf7 29.Rg3 Nd4
30.Qh5 Kg8 31.Bxd4 cxd4 32.Rxd4 Qa7 33.Qd1 d5 34.Kh1 Rfd7 35.cxd5 Qb7 36.Rc3 Rxd5
37.Rxd5 Rxd5 38.Rc8+ Qxc8 39.Qxd5+ Kh8 40.Qd2 h6 41.g3 Qe6 42.Kg1 e3 43.Qe1 Qe4
44.b4 g5 45.fxg5 hxg5 46.a4 f4 47.gxf4 gxf4 48.Qc3+ Kh7 49.Qc7+ Kg6 50.Qd6+ Kh5
51.Qc5+ Kh4 52.Qd6 Kg4 53.Qd1+ e2 54.Qd7+  0-1